MARC

LEADER 00000nam0a2200000 4500
001 253157
005 20231101232821.0
010 |a 5269001411 
020 |a RU  |b 89-35371 
035 |a (RuTPU)RU\TPU\book\275541 
090 |a 253157 
100 |a 20140312d1989 km a0rusy5003 ca 
101 0 |a rus 
102 |a RU 
105 |a a z 001zy 
200 1 |a Романтический монтаж  |f А. А. Каменский 
210 |a Москва  |c Советский художник  |d 1989 
215 |a 335 с.  |c ил., цв. ил. 
320 |a Библиогр. в примеч. в конце глав 
606 1 |a Искусство  |2 stltpush  |3 (RuTPU)RU\TPU\subj\13187  |9 39838 
610 1 |a изобразительное искусство 
610 1 |a советское искусство 
610 1 |a развитие 
610 1 |a история 
610 1 |a общество 
610 1 |a Октябрьская революция 1917 
610 1 |a художники 
675 |a 7  |z rus 
700 1 |a Каменский  |b А. А.  |g Александр Абрамович  |4 070 
801 0 |a RU  |b RuMRKP  |c 19950417  |g psbo 
801 1 |a RU  |b 63413507  |c 20140312 
801 2 |a RU  |b 63413507  |c 20140521  |g RCR 
942 |c BK